MARC

LEADER 00000nam0a2200000 4500
001 294897
005 20231102000742.0
020 |a RU  |b 84-33104 
035 |a (RuTPU)RU\TPU\book\319972 
090 |a 294897 
100 |a 20150519d1984 km y0rusy5003 ca 
101 0 |a rus 
102 |a RU 
105 |a y z 001zy 
200 1 |a Необходимый продукт и повышение эффективности труда при социализме  |f А. А. Ковалев 
210 |a Москва  |c Экономика  |d 1984 
215 |a 136 с. 
320 |a Библиография в ссылках. 
606 1 |a Необходимый продукт при социализме  |2 stltpush  |3 (RuTPU)RU\TPU\subj\36500  |9 57856 
610 1 |a политическая экономия 
610 1 |a материальные стимулы 
610 1 |a моральные стимулы 
610 1 |a труд 
610 1 |a социализм 
610 1 |a эффективность 
610 1 |a оплата труда 
610 1 |a формы 
610 1 |a фонды 
610 1 |a премирование 
675 |a 330.342.15  |z rus 
686 |a У013.777.1  |2 rubbk 
700 1 |a Ковалев  |b А. А.  |g Аристарт Алексеевич  |4 070 
801 0 |a RU  |b RuMRKP  |c 19950704  |g psbo 
801 1 |a RU  |b 63413507  |c 20150519 
801 2 |a RU  |b 63413507  |c 20181122  |g RCR 
942 |c BK